000 00453nam a2200181Ia 4500
008 230711s9999||||xx |||||||||||||| ||und||
020 _a978-93-5014-394-0
041 _aENG
082 _a620.1127
_bLA-B
100 _aLari,Osama
245 0 _aBasics of non-destructive testing
250 _a1st Ed.
260 _c2017
_aNew Delhi
_bS.K Kataria & Sons
300 _a261p.
650 _aMechanical Engineering
700 _aKumar,Rajeev
942 _cBK
999 _c6107
_d6107